[Event "13.Città di Padova Open A"]
[Site "Padova Ex Fornace Carotta"]
[Date "2010.12.19"]
[Round "9.13"]
[White "Schaefer, Michael"]
[Black "Franco, Alessandro P"]
[Result "1-0"]
[WhiteElo "2232"]
[BlackElo "1906"]
[Annotator "Gabriele Ballarin"]
[PlyCount "85"]
[EventDate "2010.12.12"]
[EventType "swiss"]
[EventRounds "9"]
[EventCountry "ITA"]

1. d4 Nf6 2. Nf3 e6 3. g3 c5 4. Bg2 Nc6 5. O-O Be7 6. c4 d5 7. cxd5 exd5 8. Nc3 O-O 9. Bg5 Re8 10. Rc1 Be6 11. Qa4 Rc8 12. Rfe1 c4 13. Ne5 a6 14. Qc2 h6 15. Bxf6 Bxf6 16. Nxc6 bxc6 17. b3 c5 18. dxc5 cxb3 19. axb3 Rxc5 20. Qd3 Qc8 21. Na2 d4 22. Rxc5 Qxc5 23. Nc1 Qa3 24. Bb7 a5 25. Ba6 Bg4 26. Qb5 Rd8 27. Qc6 Qb2 28. Bc4 Rc8 29. Qe4 Bd7 30. Nd3 Qc2 31. Rc1 Qd2 32. h4 Bh3 33. Kh2 Bd7 34. Rb1 Bc6 35. Qg6 Rc7 36. Nf4 Qb4 37. Qd3 Kh8 38. Nh5 Qe7 39. Rd1 Rd7 40. Qf5 Be4 41. Qg4 Be5 42. Qxe4 Bxg3+ 43. Nxg3 1-0

[Event "13.Città di Padova Open A"]
[Site "Padova Ex Fornace Carotta"]
[Date "2010.12.19"]
[Round "9.14"]
[White "Zuttioni, Federico"]
[Black "Di Lazzaro, Gabriele"]
[Result "1-0"]
[WhiteElo "1968"]
[BlackElo "1901"]
[Annotator "Gabriele Ballarin"]
[PlyCount "73"]
[EventDate "2010.12.12"]
[EventType "swiss"]
[EventRounds "9"]
[EventCountry "ITA"]

1. e4 c5 2. Nf3 g6 3. g3 Nc6 4. Bg2 Bg7 5. O-O d6 6. c3 Bg4 7. d3 Nf6 8. h3 Bd7 9. Re1 O-O 10. Nbd2 Rb8 11. d4 cxd4 12. cxd4 Qc8 13. Kh2 Nb4 14. Re3 b6 15. a3 Nc6 16. b4 Qb7 17. Bb2 Ne8 18. Qb3 e5 19. Rd3 b5 20. dxe5 dxe5 21. Rc1 Be6 22. Qd1 Qb6 23. Nb3 Bxb3 24. Qxb3 Nd4 25. Nxd4 exd4 26. Rc5 Qf6 27. Bxd4 Qe7 28. Bxg7 Nxg7 29. Rcd5 Qf6 30. Rf3 Qc6 31. Rc5 Qb6 32. Rd5 Ne6 33. Qb2 Nc7 34. Rd7 Rbd8 35. Rfxf7 Rxf7 36. Rxd8+ Rf8 37. Rxf8+ 1-0

[Event "13.Città di Padova Open A"]
[Site "Padova Ex Fornace Carotta"]
[Date "2010.12.19"]
[Round "9.15"]
[White "Teodonio, Fabrizio"]
[Black "Antoniacci, Ricardo"]
[Result "1/2-1/2"]
[WhiteElo "2002"]
[BlackElo "1923"]
[Annotator "Gabriele Ballarin"]
[PlyCount "80"]
[EventDate "2010.12.12"]
[EventType "swiss"]
[EventRounds "9"]
[EventCountry "ITA"]

1. e4 e5 2. Nf3 Nc6 3. d4 exd4 4. Bc4 Nf6 5. O-O Nxe4 6. Re1 d5 7. Bxd5 Qxd5 8. Nc3 Qa5 9. Nxe4 Be6 10. Bd2 Qh5 11. Bg5 h6 12. Bf6 Be7 13. Bxe7 Kxe7 14. Nxd4 Qd5 15. Nxe6 fxe6 16. Qxd5 exd5 17. Nc3+ Kd6 18. Rad1 Ne7 19. Nb5+ Kd7 20. Nxc7 Kxc7 21. Rxe7+ Kc6 22. Rxg7 b5 23. Kf1 a5 24. Re1 Rad8 25. f4 Rhf8 26. g3 Rf6 27. Kf2 a4 28. Ree7 Kc5 29. Rc7+ Kd4 30. Rge7 Rdd6 31. Re3 Rc6 32. c3+ Kc4 33. Rxc6+ Rxc6 34. f5 b4 35. g4 Rb6 36. b3+ axb3 37. axb3+ Kxb3 38. cxb4+ Kc2 39. Re2+ Kc3 40. Re3+ Kc2 1/2-1/2

[Event "13.Città di Padova Open A"]
[Site "Padova Ex Fornace Carotta"]
[Date "2010.12.19"]
[Round "9.16"]
[White "Giuriato, Sergio"]
[Black "Bozzao, Francesco"]
[Result "1/2-1/2"]
[WhiteElo "1934"]
[BlackElo "1906"]
[Annotator "Gabriele Ballarin"]
[PlyCount "104"]
[EventDate "2010.12.12"]
[EventType "swiss"]
[EventRounds "9"]
[EventCountry "ITA"]

1. d4 Nf6 2. c4 e6 3. Nc3 d5 4. Bg5 Be7 5. e3 O-O 6. Nf3 h6 7. Bh4 b6 8. Bd3 Bb7 9. cxd5 Nxd5 10. Bxe7 Qxe7 11. Rc1 c6 12. O-O Nf6 13. Ne5 Nbd7 14. f4 c5 15. f5 cxd4 16. exd4 Nd5 17. Nxd5 Bxd5 18. Nxd7 Qxd7 19. f6 g6 20. Qd2 g5 21. h4 Bxa2 22. Qe3 Rad8 23. Rcd1 Kh8 24. Bc2 Rc8 25. Qe4 Rxc2 26. Qxc2 Rc8 27. Qd2 Qd5 28. hxg5 hxg5 29. Rf3 Bb3 30. Rh3+ Kg8 31. Qd3 Bc2 32. Qa6 Rd8 33. Rd2 Bf5 34. Rc3 Qe4 35. Qe2 Qxe2 36. Rxe2 Rxd4 37. Rc7 a5 38. Re3 g4 39. Rb3 e5 40. Kf2 Rd6 41. Rb5 Be6 42. Rb7 Rd2+ 43. Ke3 Rxg2 44. R7xb6 Kh7 45. Rxe5 a4 46. Ra5 Bb3 47. Kf4 Rxb2 48. Rh5+ Kg6 49. Rg5+ Kh6 50. Rxg4 Rf2+ 51. Kg3 Rf5 52. Rh4+ Kg6 1/2-1/2

[Event "13.Città di Padova Open A"]
[Site "Padova Ex Fornace Carotta"]
[Date "2010.12.19"]
[Round "9.17"]
[White "Militello, Michele"]
[Black "Belloni, Umberto"]
[Result "0-1"]
[WhiteElo "1817"]
[BlackElo "1866"]
[Annotator "Gabriele Ballarin"]
[PlyCount "80"]
[EventDate "2010.12.12"]
[EventType "swiss"]
[EventRounds "9"]
[EventCountry "ITA"]

1. d4 d5 2. Nf3 c6 3. e3 Bg4 4. Be2 Nd7 5. h3 Bh5 6. Nbd2 e6 7. O-O Bd6 8. c4 Rc8 9. e4 dxc4 10. Nxc4 Bb8 11. e5 Nb6 12. b3 Bg6 13. Ba3 Ne7 14. Nd6+ Bxd6 15. Bxd6 Nf5 16. Bc5 Nd5 17. g4 Nh4 18. Qc1 h5 19. Ng5 Qd7 20. f4 hxg4 21. Bxg4 b6 22. Bd6 c5 23. dxc5 bxc5 24. Qd2 Nf5 25. Bxf5 Bxf5 26. Rf2 f6 27. exf6 gxf6 28. Bxc5 fxg5 29. Qd4 Rg8 30. fxg5 Rxg5+ 31. Kh2 Qc7+ 32. Kh1 Qxc5 33. Qh8+ Kd7 34. Qh4 Qe3 35. Raf1 Qe4+ 36. Qxe4 Bxe4+ 37. Kh2 Rcg8 38. Rf7+ Ne7 39. Rd1+ Ke8 40. Rf2 Rg2+ 0-1

[Event "13.Città di Padova Open A"]
[Site "Padova Ex Fornace Carotta"]
[Date "2010.12.19"]
[Round "9.18"]
[White "Zanini, Andrea"]
[Black "De Marchi, Alessandro"]
[Result "0-1"]
[WhiteElo "1687"]
[BlackElo "1666"]
[Annotator "Gabriele Ballarin"]
[PlyCount "68"]
[EventDate "2010.12.12"]
[EventType "swiss"]
[EventRounds "9"]
[EventCountry "ITA"]

1. d4 Nf6 2. Nf3 d6 3. c4 g6 4. Nc3 c6 5. e4 Bg7 6. Be2 O-O 7. O-O a6 8. Bg5 b5 9. a3 Bb7 10. Re1 h6 11. Bd2 Nbd7 12. Qc1 Kh7 13. h3 Rc8 14. b3 c5 15. Be3 Nxe4 16. Nxe4 Bxe4 17. Ra2 Bxf3 18. Bxf3 cxd4 19. Bd2 bxc4 20. bxc4 Ne5 21. Qd1 Nxf3+ 22. Qxf3 Rxc4 23. Qb7 e6 24. Qxa6 d5 25. Bb4 Qc8 26. Qd6 Rd8 27. Qf4 Rd7 28. Qd2 e5 29. f3 f5 30. Raa1 e4 31. Qf4 d3 32. Rac1 Rdc7 33. Bd2 g5 34. Qd6 Rxc1 0-1

[Event "13.Città di Padova Open A"]
[Site "Padova Ex Fornace Carotta"]
[Date "2010.12.19"]
[Round "9.19"]
[White "Lodi, Paolo"]
[Black "Traversi, Carlo"]
[Result "0-1"]
[WhiteElo "1641"]
[BlackElo "1652"]
[Annotator "Gabriele Ballarin"]
[PlyCount "127"]
[EventDate "2010.12.12"]
[EventType "swiss"]
[EventRounds "9"]
[EventCountry "ITA"]

1. c4 e5 2. g3 Nf6 3. Bg2 d5 4. cxd5 Nxd5 5. Nf3 Nc6 6. d3 Be7 7. O-O O-O 8. a3 a5 9. Bd2 Be6 10. h3 h6 11. Nc3 Qd7 12. Kh2 Nf6 13. Rc1 Rfd8 14. Qc2 Rac8 15. Rfd1 a4 16. Qxa4 Nd5 17. Nxd5 Bxd5 18. Qc2 Qe6 19. Qc3 Nd4 20. Nxd4 exd4 21. Bxd5 Qxd5 22. Qc2 Qf5 23. Rf1 Bd6 24. e4 Qf3 25. Qd1 Qxd3 26. Re1 Re8 27. Qc2 Qf3 28. Bb4 c5 29. Ba5 d3 30. Qd2 Rxe4 31. Rxe4 Qxe4 32. Re1 Qf5 33. Re3 c4 34. Bc3 Bc5 35. Re1 Qxf2+ 36. Qxf2 Bxf2 37. Rf1 Bc5 38. Rd1 Rd8 39. Kg2 Bd4 40. Bxd4 Rxd4 41. Kf3 Rd7 42. Ke3 f5 43. Kd2 Rd6 44. Kc3 b5 45. a4 bxa4 46. Kxc4 Rb6 47. Kc3 Rb3+ 48. Kc4 Rxb2 49. Rxd3 Kh7 50. Ra3 Rb3 51. Rxb3 axb3 52. Kxb3 g5 53. Kc3 Kg6 54. Kd3 Kf6 55. Ke3 Ke5 56. Kf2 Kd4 57. g4 f4 58. Ke2 Ke4 59. Kf2 Kd4 60. Kf3 Kd3 61. Kf2 Kd2 62. Kf3 Ke1 63. Ke4 Ke2 64. h4 0-1

[Event "71. C.to Provinciale VE"]
[Site "Mestre Capablanca ITA"]
[Date "2011.01.14"]
[Round "1.1"]
[White "Penzo, Amleto"]
[Black "Maccapan, Fabio"]
[Result "1/2-1/2"]
[WhiteElo "1790"]
[BlackElo "2024"]
[Annotator "Gabriele Ballarin"]
[PlyCount "88"]
[EventDate "2011.01.14"]
[EventType "swiss"]
[EventRounds "5"]
[EventCountry "ITA"]

1. d4 d5 2. Nf3 e6 3. e3 c5 4. c3 Nf6 5. Bd3 Nc6 6. Nbd2 Bd6 7. O-O O-O 8. Qe2 Re8 9. e4 e5 10. dxc5 Bxc5 11. exd5 Qxd5 12. Bc4 Qd8 13. Ne4 Nxe4 14. Qxe4 Be6 15. Ng5 Bxc4 16. Qxc4 Qe7 17. Nxf7 Qxf7 18. Qxc5 Rad8 19. Be3 h6 20. Qb5 a6 21. Qe2 Rd5 22. b3 Red8 23. Rad1 Qd7 24. Rxd5 Qxd5 25. Qg4 Qd7 26. Qxd7 Rxd7 27. g3 Rd3 28. Rc1 Kf7 29. Kf1 Ne7 30. Ke2 Rd7 31. Rd1 Rxd1 32. Kxd1 h5 33. h4 Ke6 34. Kd2 Kf5 35. a4 Ke4 36. b4 b5 37. axb5 axb5 38. c4 bxc4 39. b5 Nc8 40. b6 Nd6 41. Kc3 Kd5 42. Bg5 Kc6 43. Be3 g6 44. Kb4 Kd5 1/2-1/2

[Event "71. C.to Provinciale VE"]
[Site "Mestre Capablanca ITA"]
[Date "2011.01.14"]
[Round "1.2"]
[White "Cedriano, Filippo"]
[Black "Loris, Stefano"]
[Result "1-0"]
[WhiteElo "2014"]
[BlackElo "1694"]
[Annotator "Gabriele Ballarin"]
[PlyCount "47"]
[EventDate "2011.01.14"]
[EventType "swiss"]
[EventRounds "5"]
[EventCountry "ITA"]

1. e4 c6 2. d3 d5 3. Nd2 e5 4. Ngf3 Bd6 5. d4 Bg4 6. dxe5 Bxe5 7. exd5 Qxd5 8. Bc4 Qd6 9. h3 Bxf3 10. Qxf3 Nf6 11. O-O O-O 12. Bb3 Qc7 13. Nc4 Nbd7 14. c3 Rad8 15. Re1 Rfe8 16. Be3 b5 17. Nxe5 Nxe5 18. Qg3 Qb7 19. Bd4 Ng6 20. Bxf6 gxf6 21. h4 Kf8 22. h5 Nh8 23. Qf4 Rxe1+ 24. Rxe1 1-0

[Event "71. C.to Provinciale VE"]
[Site "Mestre Capablanca ITA"]
[Date "2011.01.14"]
[Round "1.3"]
[White "Pasqualetto, Lorenzo"]
[Black "Bortolussi, Andrea"]
[Result "0-1"]
[WhiteElo "1691"]
[BlackElo "1954"]
[Annotator "Gabriele Ballarin"]
[PlyCount "46"]
[EventDate "2011.01.14"]
[EventType "swiss"]
[EventRounds "5"]
[EventCountry "ITA"]

1. e4 e5 2. Nf3 Nf6 3. Nxe5 d6 4. Nf3 Nxe4 5. d4 d5 6. Bd3 Be7 7. O-O Nc6 8. Re1 Bg4 9. c3 f5 10. Nbd2 Ng5 11. h3 Nxf3+ 12. Nxf3 Bh5 13. Bxf5 O-O 14. g4 Kh8 15. Bd3 Be8 16. Kg2 Bh4 17. Nxh4 Qxh4 18. f4 Bd7 19. Qf3 Qxe1 20. Qxd5 Be6 21. Qh5 Bg8 22. g5 Rae8 23. d5 Bxd5+ 0-1

[Event "71. C.to Provinciale VE"]
[Site "Mestre Capablanca ITA"]
[Date "2011.01.14"]
[Round "1.4"]
[White "Biagioli, Valerio"]
[Black "Perissotto, Mario"]
[Result "1-0"]
[WhiteElo "1930"]
[BlackElo "1652"]
[Annotator "Gabriele Ballarin"]
[PlyCount "81"]
[EventDate "2011.01.14"]
[EventType "swiss"]
[EventRounds "5"]
[EventCountry "ITA"]

1. d4 d5 2. c4 e6 3. Nc3 Nf6 4. Bf4 Bd6 5. Bxd6 Qxd6 6. c5 Qd8 7. e3 c6 8. Bd3 Nbd7 9. Nf3 Qc7 10. b4 a6 11. O-O e5 12. e4 dxe4 13. Nxe4 Nxe4 14. Bxe4 Nf6 15. Qd3 exd4 16. Rfe1 O-O 17. h3 Be6 18. Ng5 h6 19. Nxe6 fxe6 20. Qxd4 Rad8 21. Qc4 Qf7 22. f3 Rfe8 23. Bc2 Nd5 24. Qe4 Nf6 25. Qe2 Kf8 26. a4 Nd5 27. b5 axb5 28. axb5 Nc3 29. Qe5 Nxb5 30. Bb3 Nd4 31. Ra4 Qd7 32. Rd1 Nxf3+ 33. gxf3 Qe7 34. Rf4+ Kg8 35. Rd6 Rxd6 36. cxd6 Qd7 37. Re4 Kf7 38. Qf5+ Kg8 39. Bxe6+ Rxe6 40. Qxe6+ Qxe6 41. Rxe6 1-0

[Event "71. C.to Provinciale VE"]
[Site "Mestre Capablanca ITA"]
[Date "2011.01.14"]
[Round "1.5"]
[White "Visentin, Ruggero"]
[Black "Cecchetto, Vanni"]
[Result "1-0"]
[WhiteElo "1634"]
[BlackElo "1930"]
[Annotator "Gabriele Ballarin"]
[PlyCount "117"]
[EventDate "2011.01.14"]
[EventType "swiss"]
[EventRounds "5"]
[EventCountry "ITA"]

1. c4 e5 2. Nc3 c6 3. e3 d5 4. d4 e4 5. cxd5 cxd5 6. Bb5+ Nc6 7. Nge2 Nf6 8. a3 Bd6 9. h3 O-O 10. Bd2 a6 11. Ba4 Na5 12. Bb3 Nxb3 13. Qxb3 Be6 14. Qxb7 Rb8 15. Qxa6 Rxb2 16. Rb1 Rxb1+ 17. Nxb1 Qd7 18. Nec3 Bb8 19. Qa4 Qc7 20. Qb3 h6 21. Qa2 Nd7 22. Nxd5 Qb7 23. Nbc3 Nb6 24. Qb3 Bxd5 25. Nxd5 Qxd5 26. Qxb6 Qa2 27. Ke2 Qxa3 28. Qb1 Bd6 29. Qxe4 f5 30. Qd3 Qa8 31. f3 Qe8 32. Rb1 Qg6 33. g4 Qg5 34. Be1 fxg4 35. hxg4 h5 36. Rb5 Qe7 37. Rxh5 Qc7 38. Qh7+ Kf7 39. Rf5+ Ke8 40. Rxf8+ Bxf8 41. Qg6+ Ke7 42. Bh4+ Kd7 43. Qf7+ Kc6 44. Qxc7+ Kxc7 45. Kd3 Kd7 46. e4 Bb4 47. f4 Ba5 48. f5 Bb4 49. g5 Ba5 50. f6 g6 51. Bg3 Bb6 52. e5 Ba5 53. Ke4 Bd2 54. Bf4 Be1 55. d5 Bb4 56. e6+ Ke8 57. d6 Kf8 58. Kd5 Ke8 59. Kc6 1-0

[Event "71. C.to Provinciale VE"]
[Site "Mestre Capablanca ITA"]
[Date "2011.01.14"]
[Round "1.6"]
[White "Velluti, Alberto"]
[Black "Gabassi, Cristina"]
[Result "1-0"]
[WhiteElo "1924"]
[BlackElo "1628"]
[Annotator "Gabriele Ballarin"]
[PlyCount "41"]
[EventDate "2011.01.14"]
[EventType "swiss"]
[EventRounds "5"]
[EventCountry "ITA"]

1. e4 d5 2. exd5 Qxd5 3. Nc3 Qa5 4. d4 c6 5. Bd3 Bd7 6. Nf3 Nf6 7. Ne5 e6 8. O-O Be7 9. Qf3 O-O 10. Qg3 Ne8 11. Be3 f6 12. Bxh7+ Kxh7 13. Qh3+ Kg8 14. Nxd7 Nxd7 15. Qxe6+ Rf7 16. Qxd7 Bb4 17. Qe6 Bxc3 18. bxc3 Qxc3 19. Rab1 Rb8 20. Bf4 Rd8 21. Rxb7 1-0

[Event "71. C.to Provinciale VE"]
[Site "Mestre Capablanca ITA"]
[Date "2011.01.14"]
[Round "1.7"]
[White "Civitareale, Alberto"]
[Black "Gaion, Giancarlo"]
[Result "1-0"]
[WhiteElo "1619"]
[BlackElo "1914"]
[Annotator "Gabriele Ballarin"]
[PlyCount "117"]
[EventDate "2011.01.14"]
[EventType "swiss"]
[EventRounds "5"]
[EventCountry "ITA"]

1. e4 e6 2. d4 d5 3. exd5 exd5 4. Nf3 Nf6 5. Bd3 Bg4 6. O-O Be7 7. Re1 O-O 8. Bf4 Bd6 9. Bxd6 Qxd6 10. Nbd2 Nbd7 11. c3 Rfe8 12. Qc2 Bxf3 13. Nxf3 Qf4 14. Qd2 Qxd2 15. Nxd2 g6 16. Nf3 Ne4 17. Re2 Re7 18. Rae1 Rae8 19. Ng5 h6 20. Nxe4 dxe4 21. Bxe4 b6 22. Bd3 Kf8 23. Rxe7 Rxe7 24. Rxe7 Kxe7 25. f4 Kd6 26. Kf2 c5 27. Ke3 cxd4+ 28. Kxd4 Nc5 29. Bc4 f6 30. h4 g5 31. hxg5 hxg5 32. fxg5 fxg5 33. b4 Nd7 34. Be2 Nf6 35. Bf3 Nd7 36. c4 Nb8 37. c5+ bxc5+ 38. bxc5+ Kc7 39. Kc4 Nd7 40. Kb4 Ne5 41. Kb5 Nd3 42. a4 Ne5 43. a5 Kb8 44. c6 Nd3 45. Kc4 Nf4 46. Kd4 Kc7 47. Ke5 Nd3+ 48. Kf5 Nc5 49. Kxg5 Nb3 50. a6 Nc5 51. Kf6 Nxa6 52. g4 Kd6 53. g5 Nc7 54. g6 a5 55. Bd1 Nd5+ 56. Kf7 Ne7 57. Ba4 Nf5 58. g7 Nh6+ 59. Kf8 1-0

[Event "71. C.to Provinciale VE"]
[Site "Mestre Capablanca ITA"]
[Date "2011.01.14"]
[Round "1.8"]
[White "Aprile, Martino"]
[Black "Bellon, Antonio"]
[Result "1-0"]
[WhiteElo "1874"]
[BlackElo "1533"]
[Annotator "Gabriele Ballarin"]
[PlyCount "135"]
[EventDate "2011.01.14"]
[EventType "swiss"]
[EventRounds "5"]
[EventCountry "ITA"]

1. Nf3 Nf6 2. d4 d5 3. Bf4 e6 4. e3 Be7 5. Nbd2 c5 6. c3 Nbd7 7. Ne5 c4 8. Be2 Bd6 9. g4 h6 10. h4 Qc7 11. Ndf3 Ne4 12. Qc2 b5 13. a3 a5 14. Rh2 Bb7 15. O-O-O O-O-O 16. Rdh1 g6 17. Kb1 Rh7 18. Rc1 Nb8 19. a4 Qb6 20. Ka2 Rg8 21. g5 h5 22. Bd1 Nc6 23. Nd2 Nxd2 24. Qxd2 Nxe5 25. Bxe5 Bxe5 26. dxe5 Bc6 27. axb5 Qxb5 28. Qd4 Kb7 29. b3 cxb3+ 30. Bxb3 Ra8 31. Rb1 Kc7 32. Bc2 Qe2 33. Qb6+ Kd7 34. Rb2 Qa6 35. Qb3 Rhh8 36. Qa3 Rhd8 37. Rh1 Qc4+ 38. Ka1 Bb5 39. Rhb1 Rdb8 40. Ba4 Qxa4 41. Qxa4 Bxa4 42. Rxb8 Rxb8 43. Rxb8 Bd1 44. Rb7+ Ke8 45. Kb2 a4 46. Ka3 Bb3 47. Ra7 Bc2 48. Kb4 Bb3 49. Kc5 Kf8 50. Kd6 Bc2 51. Ra8+ Kg7 52. Ke7 Bb3 53. Ra7 Bc2 54. Ke8 Bb3 55. Rxf7+ Kg8 56. Ra7 Bc2 57. Ke7 Bf5 58. Rxa4 Kh7 59. Kf6 Kg8 60. Ra8+ Kh7 61. Ra7+ Kg8 62. Rc7 Kh8 63. f3 Kg8 64. Rf7 Kh8 65. Rg7 Bg4 66. fxg4 hxg4 67. Rxg6 g3 68. Kf7 1-0

[Event "71. C.to Provinciale VE"]
[Site "Mestre Capablanca ITA"]
[Date "2011.01.14"]
[Round "1.9"]
[White "Pomponio, Stefano"]
[Black "Fracasso Pezzolato, Michele"]
[Result "0-1"]
[WhiteElo "1525"]
[BlackElo "1825"]
[Annotator "Gabriele Ballarin"]
[PlyCount "72"]
[EventDate "2011.01.14"]
[EventType "swiss"]
[EventRounds "5"]
[EventCountry "ITA"]

1. e4 c5 2. Nc3 d6 3. d3 Nc6 4. Nf3 g6 5. Be2 Bg7 6. O-O e6 7. Re1 Nge7 8. Be3 O-O 9. Qc1 Re8 10. Bh6 Bh8 11. h3 d5 12. exd5 exd5 13. Bd1 b6 14. Nh2 Be6 15. Bg4 Nd4 16. Ne2 Nxe2+ 17. Rxe2 Nf5 18. c3 Nxh6 19. Qxh6 Bxg4 20. Rxe8+ Qxe8 21. Nxg4 Qe2 22. Qe3 Qxb2 23. Nh6+ Kf8 24. Re1 Bf6 25. Nxf7 Kxf7 26. Qe6+ Kg7 27. Qxd5 Rf8 28. Re4 Qxc3 29. Qd7+ Rf7 30. Qd5 Bd4 31. Re2 Bxf2+ 32. Rxf2 Qe1+ 33. Kh2 Qxf2 34. Qe5+ Qf6 35. Qd5 Qf4+ 36. Kh1 Qd4 0-1

[Event "71. C.to Provinciale VE"]
[Site "Mestre Capablanca ITA"]
[Date "2011.01.14"]
[Round "1.10"]
[White "Ballarin, Gabriele"]
[Black "Dei Rossi, Davide"]
[Result "1-0"]
[WhiteElo "1818"]
[BlackElo "1486"]
[Annotator "Gabriele Ballarin"]
[PlyCount "115"]
[EventDate "2011.01.14"]
[EventType "swiss"]
[EventRounds "5"]
[EventCountry "ITA"]

1. e4 c5 2. g3 Nc6 3. Bg2 g6 4. c3 Bg7 5. Na3 Nf6 6. d3 O-O 7. Be3 d6 8. h3 h6 9. Qd2 Kh7 10. f4 Ng8 11. Nf3 f5 12. O-O e5 13. Rae1 fxe4 14. dxe4 Nf6 15. Nh4 exf4 16. Rxf4 g5 17. Rxf6 Bxf6 18. Nf5 Bxf5 19. exf5 Be5 20. g4 Qf6 21. Bd5 Rae8 22. Bf2 Bf4 23. Qd1 Rxe1+ 24. Bxe1 Re8 25. Nc4 Kg7 26. Bf2 Ne5 27. Na3 b6 28. Nc2 Nf7 29. Na3 Be3 30. Nc2 Bxf2+ 31. Kxf2 Qe5 32. Qf3 Qf4 33. Qxf4 gxf4 34. Kf3 Ne5+ 35. Kxf4 Nd3+ 36. Kf3 Nxb2 37. Ne3 Na4 38. Bc6 Rxe3+ 39. Kxe3 Nxc3 40. a3 d5 41. h4 Kf6 42. Kf4 Ne2+ 43. Ke3 Nc3 44. Kf4 d4 45. g5+ hxg5+ 46. hxg5+ Kf7 47. f6 Ke6 48. Bb7 Ne2+ 49. Kf3 d3 50. Bc8+ Kf7 51. Ba6 Nd4+ 52. Ke3 Ne6 53. Bc4 b5 54. Bd5 d2 55. Kxd2 a5 56. Kc3 b4+ 57. axb4 cxb4+ 58. Kb3 1-0

[Event "71. C.to Provinciale VE"]
[Site "Mestre Capablanca ITA"]
[Date "2011.01.15"]
[Round "2.1"]
[White "Fracasso Pezzolato, Michele"]
[Black "Cedriano, Filippo"]
[Result "0-1"]
[WhiteElo "1825"]
[BlackElo "2014"]
[Annotator "Gabriele Ballarin"]
[PlyCount "62"]
[EventDate "2011.01.14"]
[EventType "swiss"]
[EventRounds "5"]
[EventCountry "ITA"]

1. e4 c6 2. d4 g6 3. Nc3 d5 4. e5 Bg7 5. f4 Nh6 6. Nf3 Bg4 7. h3 Bxf3 8. Qxf3 Nf5 9. Be3 Qb6 10. O-O-O Nxe3 11. Qxe3 e6 12. g4 Nd7 13. f5 O-O-O 14. f6 Bf8 15. Na4 Qa5 16. Qb3 Kb8 17. c4 dxc4 18. Bxc4 Ka8 19. Nc3 Nb6 20. h4 Rd7 21. a3 Nc8 22. Ne4 b5 23. Be2 b4 24. Rh3 bxa3 25. bxa3 Rb7 26. Qc3 Qa4 27. Nc5 Bxc5 28. dxc5 Qf4+ 29. Qe3 Qa4 30. Rd3 a6 31. Rc3 Na7 $138 0-1

[Event "71. C.to Provinciale VE"]
[Site "Mestre Capablanca ITA"]
[Date "2011.01.15"]
[Round "2.2"]
[White "Bortolussi, Andrea"]
[Black "Ballarin, Gabriele"]
[Result "1-0"]
[WhiteElo "1954"]
[BlackElo "1818"]
[Annotator "Gabriele Ballarin"]
[PlyCount "105"]
[EventDate "2011.01.14"]
[EventType "swiss"]
[EventRounds "5"]
[EventCountry "ITA"]

1. e4 d6 2. d4 Nf6 3. Nc3 e5 4. dxe5 dxe5 5. Qxd8+ Kxd8 6. Bg5 Be6 7. O-O-O+ Kc8 8. f3 c6 9. Nge2 Nbd7 10. g3 h6 11. Bd2 Ne8 12. Kb1 a5 13. Nc1 Kc7 14. Nd3 f6 15. Be3 Nd6 16. Nc5 Nxc5 17. Bxc5 b6 18. Bf2 Be7 19. Na4 Nc8 20. Be2 Rd8 21. Rxd8 Bxd8 22. Rd1 Be7 23. f4 exf4 24. gxf4 Rb8 25. Bg3 f5 26. Bf3 b5 27. Nc3 Nd6 28. e5 Nf7 29. Ne2 c5 30. Nc3 Nd8 31. Nd5+ Bxd5 32. Bxd5 Rb6 33. c4 b4 34. h4 Rg6 35. Rd3 Rg4 36. h5 g6 37. Bg2 gxh5 38. Bh3 Ne6 39. Bxg4 hxg4 40. Rd2 h5 41. Rh2 h4 42. Bxh4 Bxh4 43. Rxh4 Nxf4 44. Rh7+ Kd8 45. Rf7 g3 46. Rxf5 g2 47. Rg5 Ke7 48. Kc2 Ke6 49. Kd2 Nh3 50. Rxg2 Kxe5 51. Ke3 Kf5 52. Rg3 Ng5 53. Rxg5+ 1-0

[Event "71. C.to Provinciale VE"]
[Site "Mestre Capablanca ITA"]
[Date "2011.01.15"]
[Round "2.3"]
[White "Visentin, Ruggero"]
[Black "Biagioli, Valerio"]
[Result "1/2-1/2"]
[WhiteElo "1634"]
[BlackElo "1930"]
[Annotator "Gabriele Ballarin"]
[PlyCount "47"]
[EventDate "2011.01.14"]
[EventType "swiss"]
[EventRounds "5"]
[EventCountry "ITA"]

1. d4 e6 2. c4 d5 3. Nc3 Nf6 4. Nf3 b6 5. cxd5 Nxd5 6. e4 Nxc3 7. bxc3 Be7 8. Bd3 Bb7 9. O-O O-O 10. Be3 Nd7 11. Bc2 c5 12. e5 cxd4 13. cxd4 f5 14. exf6 Nxf6 15. Bb3 Nd5 16. Rc1 Rc8 17. Qe2 Qd6 18. Bg5 Bxg5 19. Nxg5 Rce8 20. Rfe1 Nf4 21. Qc2 g6 22. g3 Bd5 23. Bxd5 Nxd5 24. Qc6 1/2-1/2

[Event "71. C.to Provinciale VE"]
[Site "Mestre Capablanca ITA"]
[Date "2011.01.15"]
[Round "2.4"]
[White "Civitareale, Alberto"]
[Black "Velluti, Alberto"]
[Result "0-1"]
[WhiteElo "1619"]
[BlackElo "1924"]
[Annotator "Gabriele Ballarin"]
[PlyCount "74"]
[EventDate "2011.01.14"]
[EventType "swiss"]
[EventRounds "5"]
[EventCountry "ITA"]

1. e4 c6 2. d4 d5 3. exd5 cxd5 4. Nf3 Nf6 5. Nc3 Bg4 6. Be2 e6 7. Ne5 Bxe2 8. Qxe2 Be7 9. Qb5+ Nbd7 10. Qxb7 Nxe5 11. dxe5 Nd7 12. f4 Bc5 13. Qb5 Rb8 14. Qe2 Qb6 15. Rf1 O-O 16. Kd1 Bb4 17. a3 Bxc3 18. bxc3 Rfc8 19. Rf3 Qg1+ 20. Qf1 Qxf1+ 21. Rxf1 Rxc3 22. Bd2 Rc4 23. Bb4 Rb5 24. c3 d4 25. cxd4 a5 26. Bd2 Rxd4 27. Rc1 Nb6 28. Ke2 Rb2 29. Rfd1 Nc4 30. Ke1 Re4+ 31. Kf2 Rxf4+ 32. Ke1 Re4+ 33. Kf2 h5 34. Rxc4 Rxc4 35. Ke3 Rb3+ 36. Kf2 Rc2 37. Ke1 Rxa3 0-1

[Event "71. C.to Provinciale VE"]
[Site "Mestre Capablanca ITA"]
[Date "2011.01.15"]
[Round "2.5"]
[White "Stradiotto, Angelo"]
[Black "Aprile, Martino"]
[Result "0-1"]
[WhiteElo "1473"]
[BlackElo "1874"]
[Annotator "Gabriele Ballarin"]
[PlyCount "92"]
[EventDate "2011.01.14"]
[EventType "swiss"]
[EventRounds "5"]
[EventCountry "ITA"]

1. Nf3 Nf6 2. d4 e6 3. c4 d5 4. Bg5 h6 5. Bxf6 Qxf6 6. e3 Bb4+ 7. Nc3 O-O 8. a3 Bxc3+ 9. bxc3 dxc4 10. Bxc4 c5 11. O-O cxd4 12. cxd4 Bd7 13. Ne5 Rd8 14. Rb1 b6 15. f4 Nc6 16. Nxd7 Rxd7 17. Qf3 Rc8 18. Bb5 Rdc7 19. Ba6 Rd8 20. Rbc1 Rd5 21. Kh1 Qe7 22. Rc3 Nb8 23. Bc4 b5 24. e4 b4 25. Rd3 Ra5 26. axb4 Qxb4 27. Rb3 Qxc4 28. Rxb8+ Kh7 29. Rd1 Qc2 30. d5 Rc3 31. Qg4 Qxe4 32. d6 Rd5 33. d7 Rxd7 34. Rbb1 Re3 35. h3 Rdd3 36. Rxd3 Qxd3 37. Rd1 Qe4 38. Rd2 Rxh3+ 39. Qxh3 Qe1+ 40. Kh2 Qxd2 41. f5 Qf4+ 42. g3 Qxf5 43. g4 Qf4+ 44. Kg2 e5 45. Qd3+ e4 46. Qh3 e3 0-1

[Event "71. C.to Provinciale VE"]
[Site "Mestre Capablanca ITA"]
[Date "2011.01.15"]
[Round "2.6"]
[White "Maccapan, Fabio"]
[Black "Cecchetto, Vanni"]
[Result "1/2-1/2"]
[WhiteElo "2024"]
[BlackElo "1930"]
[Annotator "Gabriele Ballarin"]
[PlyCount "82"]
[EventDate "2011.01.14"]
[EventType "swiss"]
[EventRounds "5"]
[EventCountry "ITA"]

1. c4 Nf6 2. Nf3 d5 3. cxd5 Nxd5 4. g3 g6 5. Nc3 Nxc3 6. bxc3 b6 7. Bg2 Bb7 8. O-O Bg7 9. Qb3 O-O 10. a4 Nd7 11. Ba3 c5 12. a5 Rc8 13. axb6 axb6 14. d3 Ne5 15. Nxe5 Bxg2 16. Kxg2 Bxe5 17. Rab1 Rc6 18. c4 Re6 19. Bb2 Bxb2 20. Qxb2 Qa8+ 21. Kg1 Qc6 22. Ra1 Rb8 23. Ra6 Qc8 24. Rfa1 Rf6 25. Ra7 Qf5 26. f4 Qe6 27. e4 b5 28. e5 Rf5 29. R1a6 Qc8 30. cxb5 c4 31. Rc6 Qd8 32. d4 Rxb5 33. Qxb5 Qxd4+ 34. Kg2 Qxa7 35. Qxc4 Qe3 36. Rc8+ Kg7 37. Qc6 Qe2+ 38. Kg1 Qe1+ 39. Kg2 Rh5 40. h4 Qd2+ 41. Kg1 Qe1+ 1/2-1/2